Luceafarul

Guardado en:
Bibliografiske detaljer
Hovedforfatter: Eminescu, Mihai
Format: Bog
Sprog:Undetermined
Udgivet: Bucarest, Rumania Editura cartea romaneasca 1984
Fag:
Tags: Tilføj Tag
Ingen Tags, Vær først til at tagge denne postø!

MARC

LEADER 00000nam a2200000Ia 4500
008 170316s9999 xx 000 0 und d
040 |a cru BVZT 
090 |a 859 E-1L 
100 |a Eminescu, Mihai 
245 |a Luceafarul 
260 |a Bucarest, Rumania 
260 |b Editura cartea romaneasca 
260 |c 1984 
300 |a 294 páginas 
650 |a LITERATURA RUMANA 
999 |c 8250  |d 8250 
942 |c 15 D  |h 859 E-1L  |2 z